Gaming Quiz

Random Gaming Quiz

Kingdom Hearts II Keyblade Image Quiz Stats

 Plays Quiz not verified by Sporcle

Challenge
Share
Tweet
Score 0/28 Timer 07:00
0 Plays Today
Keyblade Name % Correct
Kingdom Key
91.6%
Oblivion
84.6%
Oathkeeper
83.1%
Fenrir
79.3%
Ultima Weapon
78.5%
Gull Wing
73.6%
Star Seeker
68.2%
Bond Of Flame
67.1%
Monochrome
64.2%
Circle Of Life
62.5%
Rumbling Rose
61.5%
Hero's Crest
59.9%
Photon Debugger
59%
Kingdom Key D
58.6%
Keyblade Name % Correct
Sweet Memories
55.9%
Sleeping Lion
55%
Decisive Pumpkin
52.4%
Follow The Wind
52.1%
Wishing Lamp
50%
Two Become One
47.1%
Hidden Dragon
47%
Fatal Crest
45.1%
Guardian Soul
44.2%
Mysterious Abyss
40.7%
Destiny's Embrace
36.2%
Ends Of The Earth
33.5%
Winner's Proof
31.2%
Stormfall
30.5%

You're not logged in!

Compare scores with friends on all Sporcle quizzes.
OR
Log In

You Might Also Like...

Show Comments

Extras

Top Quizzes Today


Score Distribution

Your Account Isn't Verified!

In order to create a playlist on Sporcle, you need to verify the email address you used during registration. Go to your Sporcle Settings to finish the process.

Report this User

Report this user for behavior that violates our Community Guidelines.

Details: